000 02260nam a2200457 c 4500
999 _c133497
_d133497
003 BLK
005 20220420095729.0
008 180409b bul|||||r ||||||| ||bul||
010 _aKNG00139392000
040 _aBLK
041 _aBUL
_cBUL
080 _aОбща история на философията
_b101(091)
_x(081.2)
_z101(091)(081.2)
080 _aОнтологически материализъм
_b141.12
_x(470)
_z141.12(470)
100 1 _aПлеханов, Георги Валентинович
_eпърви автор
_9378316
139 _aПлеханов, Георги Валентинович
_bП 59
245 1 0 _aИзбрани произведения
_bТ. 1 -
_cГеорги Валентинович Плеханов; състав. Бернард Яков Мунтян; с предг. от Ангел Христов Веков; прев. на том Димитър В. Петколичев; прев. на том Яню Гочев Стоевски.
_nТ. 3
257 _aRUS
260 _aСофия
_bПартиздат
_c1982 -
300 _c21 см
380 _a1
500 _a2 115 тир. - Именен показалец.
650 4 _aФилософия - история
_9243382
650 4 _aДиалектически материализъм
_9274150
650 4 _aИсторически материализъм
_9286946
650 4 _aФилософия, руска - история
_9248219
651 4 _aРусия
_9179465
653 _aфилософия
653 _aисторически материализъм
653 _aдиалектически материализъм
653 _aмарксизъм
700 1 _aМунтян, Бернард Яков
_eсъстав.
_999526
700 1 _aВеков, Ангел Христов
_eс предг. от
_9372072
700 1 _aПетколичев, Димитър В.
_eпрев. на том
_9323909
700 1 _aСтоевски, Яню Гочев
_eпрев. на том
_9378537
760 1 _aПлеханов, Георги Валентинович
_d1982
_h474 с.
_tТ. 3
852 _aЦб 117001
856 4 _qpdf
856 4 _qpdf
942 _cKNG
_n0
_s1
944 _aCR
_c12.02.2013
_l12.02.2013 - от С1,Р / 12.02.2013
_kКамелия_Данева
944 _aED
_c12.02.2013
_l12.02.2013 - от С1,Р / 12.02.2013
999 _d133497